Normal view
MARC view
- عبود، عبد الغني مؤلف/إبراهيم،رضا أحمد م.مشارك/صالح،مرفت صالح م.مشارك/محمد،سليمان عبد ربه م.مشارك/عيد،رمضان أحمد م.مشارك
Entry Personal Name
001 - CONTROL NUMBER
- control field: 36091
003 - CONTROL NUMBER IDENTIFIER
- control field: JO-AjAnu
005 - DATE AND TIME OF LATEST TRANSACTION
- control field: 20230606080029.0
008 - FIXED-LENGTH DATA ELEMENTS
- fixed length control field: 230606|| aca||aabn | a|a d
040 ## - CATALOGING SOURCE
- Original cataloging agency: JO-AjAnu
- Transcribing agency: JO-AjAnu
100 ## - HEADING--PERSONAL NAME
- Personal name: عبود، عبد الغني مؤلف/إبراهيم،رضا أحمد م.مشارك/صالح،مرفت صالح م.مشارك/محمد،سليمان عبد ربه م.مشارك/عيد،رمضان أحمد م.مشارك
670 ## - SOURCE DATA FOUND
- Source citation: Work cat.: (JO-AjAnu)18531: عبود، عبد الغني مؤلف/إبراهيم،رضا أحمد م.مشارك/صالح،مرفت صالح م.مشارك/محمد،سليمان عبد ربه م.مشارك/عيد،رمضان أحمد م.مشارك, author, التعليم في المرحلة الأولى وإتجاهات تطويره